000 00716nam a22001457a 4500
003 OSt
005 20250716152859.0
008 230920b |||||||| |||| 00| 0 eng d
040 _cCO-JMCR
082 0 4 _aC
_bARCs
100 1 0 _aArciniegas, Triunfo,
_eautor
_942922
245 _aLa sirena de agua dulce /
_cTriunfo Arciniegas
520 _aMiguel y Gerardo no pueden creer lo que están viendo: ¡una sirena! En el río que pasa cerca de la ciudad hay una sirena de gran belleza y de nombre Adonay. Verla y enamorarse de ella sucede al mismo tiempo. Por qué está ahí y como pueden los muchachos ayudarla a continuar su viaje es la trama de esta deliciosa novela que habla de amor y de ecología.
942 _2ddc
_cBK
999 _c30262
_d16646